000
00308 a2200121 4500
001
146842
040
_c
Escola São Tomás de Aquino
100
_a
ALBUQUERQUE, Wlamyra
240
1
0
_a
O que há de África em nós
_l
por
245
1
0
_a
O que há de África em nós
697
_a
*LITERATURA INFANTO
942
_c
BK
999
_c
146842
_d
146842